000 00704nam a2200241 a 4500
999 _c7250
_d7250
001 7250
003 BD-JhCC
005 20180206184323.0
008 500101s1964 enk 000 0 eng d
035 _a(BD-JhCC)7250
040 _aDZM
_dEQO
_dBD-JhCC
041 _aeng
082 _a891.74209
_bARN 1964
100 1 _aArnold, Matthew,
_d1822-1888.
245 1 0 _aSelected poems and prose /
_cMatthew Arnold ; chosen and edited by F.W. Watt.
260 _aLondon :
_bOxford University Press,
_c1964.
300 _a201 p. ;
_c19 cm
600 _aGorky, Maksim,
_d1868-1936
700 1 _aWatt, F. W.
_q(Frank William),
_d1927-
830 0 _aNew Oxford English series
942 _2ddc
_cBK